| 000 | 00635nam a22002177a 4500 | ||
|---|---|---|---|
| 005 | 20170124105944.0 | ||
| 010 | _aA-481527 | ||
| 020 |
_c00.00 _a8170620791 |
||
| 035 | _aA-481527 | ||
| 037 | _bCen Lib/Ret | ||
| 040 |
_aDPL _bEN |
||
| 082 |
_a335.030951823 _bJAS |
||
| 100 |
_aJasit Singh _986380 |
||
| 245 |
_aDevelopment in Asia-Pacific region / _cby Jasit Singh |
||
| 260 |
_aNew Delhi _bLancer International _c1989 |
||
| 270 | _bNew Delhi | ||
| 300 |
_axiii,291p. _c21cm(Hb) |
||
| 650 |
_aPacific Area cooperation _986381 |
||
| 650 |
_aDiplomatic relations _986382 |
||
| 942 |
_2ddc _cEN _h335.030951823 _mJAS |
||
| 999 |
_c124772 _d124772 |
||